| 000 | 00529cam a22002291 4500 | ||
|---|---|---|---|
| 001 | sa 65006988 | ||
| 003 | DLC | ||
| 005 | 20260227112146.0 | ||
| 008 | 881025s1964 xx 000 0 beno | ||
| 010 | _asa 65006988 | ||
| 035 | _a(OCoLC)23568099 | ||
| 040 |
_aDLC _cMiU _dDLC |
||
| 042 | _apremarc | ||
| 050 | 0 | 0 |
_aHQ10 _b.A7 |
| 100 | 1 | _aAshraf, Shaheed. | |
| 245 | 1 | 0 | _aOgo bara, ogo badhū. |
| 260 | _c[1964] | ||
| 300 |
_a224 p. _c22 cm. |
||
| 500 | _aRomanized. | ||
| 650 | 0 | _aFamily life education | |
| 650 | 0 | _aSex | |
| 999 |
_c64977 _d64977 |
||